000 00875nam a2200241 i 4500
001 105912
003 ES-MaACL
005 20250512063029.0
007 t|
008 060912s1970 be |||| | fre d
080 _a94(470)"1917/21"
080 _a94(479.22)
100 1 _aTrotsky, Leon,
_d1879-1940
_9240350
245 1 0 _aEntre l'imperialisme et la révolution
_b: les questions fondamentales de la révolution à la lumière de l'expérience géorgienne /
_cLeon Trotsky.
260 _aBruxelles :
_bEditions La Taupe,
_c[1970]
300 _a192 p. ;
_c17 cm.
490 1 _aDocuments socialistes ;
_v7
651 4 _aRusia-
_xHistoria-
_y1917-1921, Revolución.
_99336
651 4 _aGeorgia-
_xHistoria.
_9186957
830 0 _aDocuments socialistes ;
_v7
_9185120
852 _aES-MaACL
_jAND-934
_z. - Biblioteca Juan Andrade
999 _c105912
_d105912